000 00434nam a22001577a 4500
999 _c1569
_d1569
003 OSt
005 20190114113144.0
008 190114b ||||| |||| 00| 0 eng d
020 _a9789993677178
040 _cNRC
245 _aBhutan cultural atlas :
_bbumthang district, trongsa district.
260 _bThe Institute of Language and Cultural Studies,
_c2016.
300 _a56 p.
_bill.
_c27 cm.
650 _2Trongsa
942 _2ddc
_cGD